000 00336nam a2200145Ia 4500
008 150201s2007 xx 000 0 und d
082 _a617.6
_bD07M
100 _aMCDONALD
245 _aDENTISTRY FOR CHILD & ADOLESCENT
250 _a8TH
260 _bELSEVIER
_aDELHI
_c2007
300 _a1-769
650 _aDENTISTRY
942 _2ddc
_cBK
999 _c378
_d378